Building Act 1984, The Building Regulations 2000, The Building (Approved Inspectors etc) Regulations 2000 (Record no. 110634)
[ view plain ]
| 000 -LEADER | |
|---|---|
| fixed length control field | 01723cad a22002895a 4500 |
| 001 - CONTROL NUMBER | |
| control field | E149807 |
| 008 - FIXED-LENGTH DATA ELEMENTS--GENERAL INFORMATION | |
| fixed length control field | 100429e20100316xxk f l f000 0 eng d |
| 020 ## - INTERNATIONAL STANDARD BOOK NUMBER | |
| International Standard Book Number | 9780117540989 |
| 035 ## - SYSTEM CONTROL NUMBER | |
| System control number | (Sirsi) u149807 |
| 041 0# - LANGUAGE CODE | |
| Language code of text/sound track or separate title | eng |
| 110 1# - MAIN ENTRY--CORPORATE NAME | |
| Corporate name or jurisdiction name as entry element | United Kingdom |
| Subordinate unit | Department for Communities and Local Government |
| 9 (RLIN) | 4939 |
| 245 00 - TITLE STATEMENT | |
| Title | Building Act 1984, The Building Regulations 2000, The Building (Approved Inspectors etc) Regulations 2000 |
| Medium | [electronic resource] |
| 260 ## - PUBLICATION, DISTRIBUTION, ETC. | |
| Place of publication, distribution, etc. | London |
| Name of publisher, distributor, etc. | DCLG |
| Date of publication, distribution, etc. | 2010 |
| 490 #0 - SERIES STATEMENT | |
| Series statement | DCLG Communities and Local Government Circular |
| Volume/sequential designation | 03/2010 |
| 520 ## - SUMMARY, ETC. | |
| Summary, etc. | The Building and Approved Inspectors (Amendment) Regulations 2010 (S.I. 2010/719) were made on 10 March 2010. This Circular sets out the resulting changes to the Building Regulations 2000, the Building (Approved Inspectors etc.) Regulations 2000, the Building and Approved Inspectors (Amendment) Regulations 2009 and the Building (Amendment No.2) Regulations 2009. Its also explains the transitional provisions, and highlights the approval and publication of an amended Approved Document, and further provisions for self-certification. |
| 521 2# - TARGET AUDIENCE NOTE | |
| Target audience note | Advanced |
| 590 ## - LOCAL NOTE (RLIN) | |
| Local note | KA NTK |
| 650 24 - SUBJECT ADDED ENTRY--TOPICAL TERM | |
| Topical term or geographic name entry element | BUILDING AND APPROVED INSPECTORS (AMENDMENT) REGULATIONS 2010 |
| 650 24 - SUBJECT ADDED ENTRY--TOPICAL TERM | |
| Topical term or geographic name entry element | BUILDING REGULATIONS 2000 |
| 650 24 - SUBJECT ADDED ENTRY--TOPICAL TERM | |
| Topical term or geographic name entry element | BUILDING (APPROVED INSPECTORS ETC.) REGULATIONS 2000 |
| 650 24 - SUBJECT ADDED ENTRY--TOPICAL TERM | |
| Topical term or geographic name entry element | BUILDING AND APPROVED INSPECTORS (AMENDMENT) REGULATIONS 2009 |
| 650 24 - SUBJECT ADDED ENTRY--TOPICAL TERM | |
| Topical term or geographic name entry element | BUILDING (AMENDMENT NO.2) REGULATIONS 2009 |
| 651 #4 - SUBJECT ADDED ENTRY--GEOGRAPHIC NAME | |
| Geographic name | England |
| Chronological subdivision | 886- |
| 690 ## - LOCAL SUBJECT ADDED ENTRY--TOPICAL TERM (OCLC, RLIN) | |
| Topical term or geographic name as entry element | Building regulations |
| 9 (RLIN) | 6224 |
| 856 40 - ELECTRONIC LOCATION AND ACCESS | |
| Uniform Resource Identifier | <a href="https://www.communities.gov.uk/publications/planningandbuilding/circular032010">https://www.communities.gov.uk/publications/planningandbuilding/circular032010</a> |
| Public note | View the circular free of charge at www.communities.gov.uk |
| 942 ## - ADDED ENTRY ELEMENTS (KOHA) | |
| Suppress in OPAC | 0 |
| Withdrawn status | Lost status | Source of classification or shelving scheme | Damaged status | Not for loan | Home library | Current library | Shelving location | Date acquired | Total Checkouts | Full call number | Barcode | Date last seen | Copy number | Price effective from | Koha item type |
|---|---|---|---|---|---|---|---|---|---|---|---|---|---|---|---|
| Dewey Decimal Classification | Virtual | Virtual | Online | 29/04/2010 | ONLINE PUBLICATION | 149807-2001 | 06/08/2019 | 1 | 06/08/2019 | Book |